Responses for Show #4406 - Monday, November 3, 2003

Game data retrieved from an alternate archive.

Contestants

[<< previous game]

Mary Treisbach, a marketing consultant from Norristown, Pennsylvania

Frank Amanat, an attorney from South Orange, New Jersey

Christopher Eaton, a freelance writer from Chicago, Illinois (whose 1-day cash winnings total $15,200)

[next game >>]

Jeopardy! Round responses

THE NATIONAL MUSEUM OF HEALTH & MEDICINE
2004 CALENDARS
PEACE CORPS
MUSICAL INSTRUMENTS
"C"LOTHES
3-LETTER ANAGRAMS
    $200 18
John Wilkes Booth

Mary
    $200 16
Star Wars

Mary
    $200 26
John F. Kennedy

Mary
    $200 11
organs

Frank
    $200 1
a cummerbund

Frank
    $200 6
den

Mary
    $400 19
(Mary: Who is U.S. Grant?)

Eisenhower

FrankMary
    $400 17
Anna Kournikova

Frank
    $400 27
English

Mary
    $400 12
(Christopher: What is a guitar? What is an electric guitar?)
(Mary: What is a Fender Stratocaster?)
(Frank: What is an acoustic guitar?)

a bass

ChristopherFrankMary
Triple Stumper
    $400 2
culottes

Triple Stumper
    $400 7
act

Frank
    $600 20
microscopes

Mary
    $600 23
Charmed

Frank
    $600 28
Russia

Mary
    $800 13
sousaphone

Frank
    $600 3
cardigan

Christopher
    $600 8
urn

Frank
    $800 21
(Christopher: What is a chimp?)

a (rhesus) monkey

ChristopherMary
    $800 24
(Mary: Who is Ingrid Bergman?)

Audrey Hepburn

Mary
Triple Stumper
    $800 29
[The end-of-round signal sounds.]

Bob Vila

Mary
    $800 14
saxophone

Mary
    $800 4
capris

Christopher
    $800 9
eon

Frank
    $1000 22
Walter Reed

Triple Stumper
    $1000 25
(Christopher: What is Coppertone?)

Hawaiian Tropic

Christopher
Triple Stumper
    $1000 15
mandolin

Mary
    $1000 5
(Christopher: What is a cafgan?)

caftan

Christopher
Triple Stumper
    $1000 10
low

Christopher

Scores at the first commercial break (after clue 15):

Christopher Frank Mary
$1,000 $2,600 $1,600

Scores at the end of the Jeopardy! Round:

Christopher Frank Mary
-$800 $4,000 $4,200

Double Jeopardy! Round responses

ALASKA
PLACE THAT TUNE
WHAT'S THE STORY
SHOE BUSINESS
UNION MEN & WOMEN
THE QUEEN'S ENGLISH
    $400 11
North

Frank
    $400 21
Porgy & Bess

Christopher
    $400 6
Ernest Hemingway

Christopher
    $400 16
(Frank: What is tennis?)

Basketball

FrankMary
    $400 23
nurses

Mary
    $400 1
telephoned

Mary
    $800 12
(Mary: What is oil?)

Gold

ChristopherMary
    $800 22
Fiddler on the Roof

Frank
    $800 7
William Faulkner

Triple Stumper
    $800 17
Candies

Triple Stumper
    $800 24
Western Union

Frank
    $800 2
A-E-R-O-P-L-A-N-E

Mary
    $1200 13
Seward

Christopher
    $1200 26
Carousel

Triple Stumper
    $1200 8
The Metamorphosis

Christopher
    $1200 18
Underdog

Christopher
    $1200 25
(Mary: What is Chesapeake?)

Mobile Bay

ChristopherMary
    $1200 3
a bowler

Christopher
    $1600 14
(Christopher: What is ANWAR?)

Glacier Bay

Christopher
Triple Stumper
    $700 30
Annie Get Your Gun

Frank
    $1600 9
Carson McCullers

Triple Stumper
    $3,000 19
Emperor Hirohito

Christopher
    $1600 29
George McClellan

Frank
    $1600 4
advert

Frank
    $2000 15
the Russian Orthodox Church

Frank
    $2000 27
Showboat

Triple Stumper
    $2000 10
"The Dubliners"

Frank
    $2000 20
a last

Christopher
    $2000 28
Barbara Frietchie

Triple Stumper
    $2000 5
a minder

Mary

Scores at the end of the Double Jeopardy! Round:

Christopher Frank Mary
$10,200 $13,500 $6,200

[wagering suggestions for these scores]

Final Jeopardy! Round responses

CANDY
MaryWho was Baby Ruth?
$6,200
ChristopherWho...
$10,200
FrankWho is Cleveland?
$6,901
Ruth Cleveland

Final scores:

Christopher Frank Mary
$0 $6,599 $12,400
3rd place: $1,000 2nd place: $2,000 New champion: $12,400

Game dynamics:

Coryat scores:

Christopher Frank Mary
$8,800 $14,200 $6,200
13 R
(including 1 DD),
5 W
17 R
(including 2 DDs),
2 W
16 R,
5 W

Combined Coryat: $29,200

[game clues] [game scores] [suggest correction]

Game tape date: 2003-08-20
The J! Archive is created by fans, for fans. Scraping, republication, monetization, and malicious use prohibited; this site may use cookies and collect identifying information. See terms. The Jeopardy! game show and all elements thereof, including but not limited to copyright and trademark thereto, are the property of Jeopardy Productions, Inc. and are protected under law. This website is not affiliated with, sponsored by, or operated by Jeopardy Productions, Inc. Join the discussion at JBoard.tv.